000 00851nam a2200253 i 4500
001 bg
100 1 _aŻUKOWSKI, Ludwik.
245 1 0 _aKodeks postępowania administracyjnego ; Ustawa o Naczelnym Sądzie Administracyjnym /
_cLudwik Żukowski.
250 _aStan prawny na dzień 31 maja 1998 roku.
260 _aWarszawa :
_bWydawnictwa Prawnicze PWN,
_c1998.
300 _a348, [4] s., [1] k. tabl. ;
_c20 cm.
490 1 _aUstawa - Omówienie
610 2 9 _aNaczelny Sąd Administracyjny
_xprawo
_ystan na 1998 r.
650 9 _aPostępowanie administracyjne
_zPolska
_ystan na 1998 r.
655 _aŹródła
830 _aUstawa - Omówienie
020 _a8387558362
040 _cBPK
041 0 _apl
080 _a351.077.3:351.95](438)(094.4)
920 _a83-87558-36-2
942 _cKS
008 s pl f |000 0 pol
999 _c33852
_d33852
856 _uhttp://koha.tu.koszalin.pl/cgi-bin/koha/opac-detail.pl?biblionumber=33852
_yKatalog online BPK